[Event "Heraklion op 18th"]
[Site "Heraklion"]
[Date "2016.09.03"]
[Round "1"]
[White "Kasparova, Tatiana"]
[Black "Heretis, Georgios"]
[Result "1-0"]
[WhiteElo "2168"]
[BlackElo "1236"]
[PlyCount "123"]
[EventDate "2016.09.03"]
[EventType "swiss"]
[EventRounds "9"]
[EventCountry "GRE"]
[SourceTitle "CBM 174 Extra"]
[Source "ChessBase"]
[SourceDate "2016.10.10"]
[SourceVersion "1"]
[SourceVersionDate "2016.10.10"]
[SourceQuality "1"]

1. e4 c5 2. Nf3 d6 3. d4 cxd4 4. Nxd4 Nf6 5. f3 g6 6. c4 Bg7 7. Be3 0-0 8. Nc3 Nc6 9. Qd2 Bd7 10. Be2 a6 11. 0-0 Rc8 12. Rac1 Qa5 13. Nxc6 Rxc6 14. Nd5 Qd8 15. Qb4 Bc8 16. Rfd1 a5 17. Qd2 Bd7 18. b3 Nxd5 19. cxd5 Rc8 20. Rxc8 Bxc8 21. Rc1 b6 22. Qc2 Bd7 23. Qc7 b5 24. Bb6 Qc8 25. Qxc8 Bxc8 26. Bxa5 Ba6 27. b4 f5 28. Bd3 fxe4 29. Bxe4 Rc8 30. Rxc8+ Bxc8 31. Kf2 Kf7 32. Ke3 Bf6 33. Kd3 Bd7 34. Bb6 Ke8 35. Bf2 Kf7 36. Be3 Kg7 37. Kc2 Kf7 38. Kb3 Ke8 39. Bd3 Kd8 40. a4 bxa4+ 41. Ka3 Kc7 42. b5 Kb7 43. Kxa4 Bc3 44. h4 Be8 45. Kb3 Bf6 46. Bf2 h5 47. Kc4 Bg7 48. g4 Be5 49. Bc2 Bf6 50. Ba4 Bd7 51. g5 Be5 52. Bc2 Be8 53. Bd3 Bf7 54. Be4 Be8 55. Kb4 Bg7 56. f4 Kc7 57. Kc4 Kb7 58. f5 gxf5 59. Bxf5 Bf7 60. g6 Bg8 61. Bd4 Bxd4 62. Kxd4 1-0